Statistics for Would you rather

Click here to take the quiz!

General Stats

  • This quiz has been taken 25 times
  • The average score is 8 of 20

Answer Stats

QuestionAnswer% Correct
Would you rather live in a tree house or a caveTree house
72%
Would you rather be alone for the rest of your life or only be surrounded by annoying people for the rest of your lifeAlone
68%
Would you rather lose all your friends except your best friend or only lose your best friend but keep your other friendsLose all friends but BFF
64%
Would you rather have 10 coats on in the hottest desert on the hottest day or have no clothes on in the coldest place on the coldest day10 coats on hottest desert
60%
Would you rather go 100 years to the future or go 100 years into the pastTo the future
56%
Would you rather eat a cupcake or a cookieCupcake
48%
Would you rather get the worst haircut in human history and have it for 3 years or never be able to leave your room for 2 yearsWorst haircut
48%
Would you rather not be able to leave your school for a week with every kid inside or have a horrible migraine for 3 daysNot leave school for a week
44%
Would you rather only wear shorts or never be able to wear shorts againOnly wear shorts
40%
Would you rather drink root bear or orange fantaRoot bear
40%
Would you rather exercise 7 hours a day for the rest of your life or never exercise againExercise 7 hours every day
36%
Would you rather only communicate with emojis or never be able to text againOnly emoji
36%
Would you rather spend every weekend inside or spend every weekend outsideInside
32%
Would you rather lose your sight or lose your current memoriesLose sight
32%
Would you rather read minds or predict the futureRead minds
32%
Would you rather hear a comfortable lie or a uncomfortable truthComfortable lie
28%
Would you rather relive your worst day ever or live 5 days of small embarrassing things happening to youRelive the worst day
28%
Would you rather win a brand new boat or a new carBoat
20%
Would you rather be able to fly or teleportFly
16%
Would you rather everyone be able to read your thoughts or everyone have access to your search historyRead your thoughts
4%

Score Distribution

Percentile by Number Answered

Percent of People with Each Score

Your Score History

You have not taken this quiz